| 000 | 00852nam a2200253 i 4500 | ||
|---|---|---|---|
| 001 | bg | ||
| 245 | 0 | 0 |
_aGospodarka a środowisko i ekologia / _cKrzysztof Małachowski (red.). |
| 260 |
_aWarszawa : _bCeDeWu, _c2007. |
||
| 300 |
_a240 s. ; _c24 cm. |
||
| 504 | _aBibliogr. | ||
| 521 | _aDla studentów kierunków ekonomicznych, ochrony środowiska, biologii i geografii. | ||
| 650 | 9 | _aGospodarka a ochrona środowiska | |
| 650 | 9 |
_aOchrona środowiska _xpolityka |
|
| 655 | _aPodręczniki akademickie | ||
| 700 | 1 |
_aMAŁACHOWSKI, Krzysztof. _eRed. |
|
| 020 | _a9788360089392 | ||
| 040 | _cBPK | ||
| 041 | _apol | ||
| 080 | _a504.03(075.8) | ||
| 920 | _a978-83-60089-39-2 | ||
| 942 | _cKS | ||
| 008 | s pl f |000 0 pol | ||
| 999 |
_c53148 _d53148 |
||
| 856 |
_uhttp://koha.tu.koszalin.pl/cgi-bin/koha/opac-detail.pl?biblionumber=53148 _yKatalog online BPK |
||